Computers in society : The wheres, whys, and hows of computer use

Guardat en:
Dades bibliogràfiques
Autor principal: Spencer, Donald D.
Format: Llibre
Idioma:Undetermined
Publicat: New Yersey Hayden 1974
Matèries:
Etiquetes: Afegir etiqueta
Sense etiquetes, Sigues el primer a etiquetar aquest registre!
Thư viện lưu trữ: Trung tâm Học liệu Trường Đại học Cần Thơ
LEADER 00539nam a2200193Ia 4500
001 CTU_84019
008 210402s9999 xx 000 0 und d
082 |a 001.6 
082 |b S745 
100 |a Spencer, Donald D. 
245 0 |a Computers in society : 
245 4 |b The wheres, whys, and hows of computer use 
245 0 |c Donald D. Spencer 
260 |a New Yersey 
260 |b Hayden 
260 |c 1974 
650 |a Electronic data processing 
904 |i QHieu(sửa) 
980 |a Trung tâm Học liệu Trường Đại học Cần Thơ